[Event "Titled Tuesday intern op 6th Aug"]
[Site "Chess.com INT"]
[Date "2019.08.06"]
[Round "4"]
[White "Alinasab, Mobina"]
[Black "Nemtzev, Igor"]
[Result "1-0"]
[WhiteElo "2280"]
[BlackElo "2137"]
[PlyCount "61"]
[EventDate "2019.08.06"]
[EventType "swiss (blitz)"]
[EventRounds "10"]
[EventCountry "USA"]
[SourceTitle "EXT 2021"]
[Source "ChessBase"]
[SourceDate "2020.10.23"]
[SourceVersion "1"]
[SourceVersionDate "2020.10.23"]
[SourceQuality "1"]

1. d4 c6 2. c4 d6 3. Nf3 h6 4. Nc3 g5 5. h3 Bg7 6. e4 Nd7 7. Be3 e6 8. Qd2 Ne7 9. 0-0-0 f5 10. exf5 exf5 11. g3 0-0 12. Bd3 a6 13. c5 dxc5 14. dxc5 Qa5 15. Bc4+ Kh8 16. Bd4 Qb4 17. Bxg7+ Kxg7 18. Qd4+ Nf6 19. Rhe1 Ng6 20. a3 Qa5 21. Qd6 b5 22. Re7+ Kh8 23. Ne5 Nxe5 24. Rxe5 Bd7 25. Ba2 b4 26. axb4 Qxb4 27. Re7 Rab8 28. Rd2 Qb7 29. Qe5 Qc8 30. Rdxd7 Rb4 31. Rh7# 1-0